Detalles MARC
| 000 -CABECERA |
| campo de control de longitud fija |
03413nam a22002657a 4500 |
| 003 - IDENTIFICADOR DEL NÚMERO DE CONTROL |
| campo de control |
DO-SdBJH |
| 005 - FECHA Y HORA DE LA ÚLTIMA TRANSACCIÓN |
| campo de control |
20260320213459.0 |
| 008 - DATOS DE LONGITUD FIJA--INFORMACIÓN GENERAL |
| campo de control de longitud fija |
260320b2025 |||obd|| |||| 00| 0 spa d |
| 040 ## - FUENTE DE LA CATALOGACIÓN |
| Centro catalogador/agencia de origen |
DO-SdBJH |
| Lengua de catalogación |
spa |
| Centro/agencia transcriptor |
DO-SdBJH |
| 041 0# - CÓDIGO DE LENGUA |
| Código de lengua del texto/banda sonora o título independiente |
spa |
| 090 ## - LOCALMENTE ASIGNADO TIPO-LC NÚMERO DE CLASIFICACIÓN (OCLC); NÚMERO DE CLASIFICACIÓN LOCAL (RLIN) |
| Número de clasificación (OCLC) (R) ; Numero de clasificación, CALL (RLIN) (NR) |
CT MA-SDN 0020 |
| Número cutter local (OCLC) ; Número de libro/Signatura topográfica íntegra, CALL (RLIN) |
EGAEE 2025 |
| 100 1# - ENTRADA PRINCIPAL--NOMBRE DE PERSONA |
| Nombre de persona |
Rivera López, Jorge A. |
| Término indicativo de función/relación |
sustentante |
| 245 10 - MENCIÓN DE TÍTULO |
| Título |
Análisis de las políticas de control del sargazo y su incidencia económica en la región este de República Dominicana : |
| Resto del título |
2023-2025 / |
| Mención de responsabilidad, etc. |
Jorge A. Rivera López, Eddy Ant. Martínez Adames ; asesor de contenido Rocío Cristy Santana González ; asesor metodológico Marcos Antonio Mateo Capellán. |
| 260 ## - PUBLICACIÓN, DISTRIBUCIÓN, ETC. |
| Lugar de publicación, distribución, etc. |
Santo Domingo, República Dominicana : |
| Nombre del editor, distribuidor, etc. |
UNADE, |
| Fecha de publicación, distribución, etc. |
2025. |
| 300 ## - DESCRIPCIÓN FÍSICA |
| Extensión |
xxv, 87, [35] páginas : |
| Otras características físicas |
gráficas, mapas, fotografías. |
| 502 ## - NOTA DE TESIS |
| Nota de tesis |
Tesis y trabajos de grado (Maestría en Seguridad y Defensa Nacional)--Universidad Nacional para la Defensa "General Juan Pablo Duarte y Díez", Escuela de Graduados de Altos Estudios Estratégicos, Santo Domingo, 2025. |
| 504 ## - NOTA DE BIBLIOGRAFÍA, ETC. |
| Nota de bibliografía, etc. |
Incluye referencias bibliográficas y anexos. |
| 505 ## - NOTA DE CONTENIDO CON FORMATO |
| Nota de contenido con formato |
Generalidades y evolución del Sargazo, su incidencia en la Región Este de República Dominicana -- Marco legal, doctrinal e institucional para el control del Sargazo (2023-2025) -- Políticas de control del Sargazo (2023-2025) e incidencia económica en la Región Este. |
| 520 ## - SUMARIO, ETC. |
| Sumario, etc. |
Esta investigación documental viene a analizar las políticas de control y proliferación del sargazo y su incidencia económica en la Región Este de la República Dominicana durante los años 2023-2025. Se compiló y examinó un corpus documental integrado por normas (leyes, decretos y resoluciones), protocolos operativos, contratos y acuerdos de nivel de servicio (SLA), actas municipales, informes financieros y operativos y estadísticas públicas, complementado con literatura académica reciente. Con base en este corpus, se construyó un inventario de políticas por municipio/polo (prevención/alerta, contención en mar, recolección en costa y alta mar, transporte y disposición final, coordinación/financiamiento y comunicación/salud) ; asimismo, se estimaron indicadores comparables: RD$/km de playa limpia, RD$/t retirada, días de playa no apta, tiempo de respuesta, cobertura y cumplimiento ambiental. Mediante análisis comparado por períodos e integración de fuentes (triangulación documental), y fueron identificadas brechas de coordinación y financiamiento que elevan costos y tiempos de respuesta, así como prácticas eficaces (protocolos homologados, compras agregadas, contratos con SLA), asociadas a reducciones en los costos unitarios y a una mayor disponibilidad de playa. Al concluir con los hallazgos, se discuten en términos de gobernanza y economía de la gestión costera, para contrarrestar el fenómeno del sargazo y su proliferación en áreas sensitivas, se proponen recomendaciones operativas orientadas a fortalecer la resiliencia turística y ambiental, así como todas las microeconomías que abarcan la zona Este y que son fuente de desarrollo para la República Dominicana. |
| 650 #7 - PUNTO DE ACCESO ADICIONAL DE MATERIA--TÉRMINO DE MATERIA |
| Fuente del encabezamiento o término |
lemb |
| Término de materia o nombre geográfico como elemento de entrada |
Sargazo |
| Subdivisión de forma |
Investigaciones |
| Subdivisión general |
Control |
| Subdivisión cronológica |
2023-2025 |
| Subdivisión geográfica |
República Dominicana |
| 700 1# - PUNTO DE ACCESO ADICIONAL--NOMBRE DE PERSONA |
| Nombre de persona |
Martínez Adames, Eddy Ant. |
| Término indicativo de función/relación |
sustentante |
| 700 1# - PUNTO DE ACCESO ADICIONAL--NOMBRE DE PERSONA |
| Nombre de persona |
Santana González, Rocío Cristy |
| Término indicativo de función/relación |
asesor de contenido |
| 700 1# - PUNTO DE ACCESO ADICIONAL--NOMBRE DE PERSONA |
| Nombre de persona |
Mateo Capellán, Marcos Antonio |
| Término indicativo de función/relación |
asesor metodológico |
| 942 ## - ELEMENTOS DE PUNTO DE ACCESO ADICIONAL (KOHA) |
| Fuente del sistema de clasificación o colocación |
Clasificación Local |
| Tipo de ítem Koha |
Tesis |